países com população INFERIOR a 100.000 habitantes - Statistics

Estatísticas Gerais
  • Esse quiz foi jogado 69 vezes
  • A pontuação média é 10 de 13
Estatísticas das Respostas
população Resposta % Correto
825 VATICANO
98%
11.204 TUVALU
89%
36.686 MÔNACO
88%
35.745 SAN MARINO
88%
18.024 PALAU
80%
12.511 NAURU
78%
79.034 ANDORRA
77%
39.039 LIECHTENSTEIN
75%
42.050 ILHAS MARSHALL
73%
99.258 SEYCHELLES
63%
47.606 SÃO CRISTÓVÃO E NEVIS
59%
93.219 ANTIGUA E BARBUDA
55%
72.412 DOMINICA
50%
Nenhum quiz correspondente encontrado
Distribuição das Pontuações
Porcentagem de Pessoas com Cada Pontuação
Percentil de Números Respondidos
Sua Pontuação Histórica
Você não jogou esse quiz